| 000 | 01122nam a22002297a 4500 | ||
|---|---|---|---|
| 003 | OSt | ||
| 005 | 20240129111641.0 | ||
| 008 | 240129b |||||||| |||| 00| 0 eng d | ||
| 020 | _a978-84-15829-38-6 | ||
| 040 |
_aBEARQ _cBiblioteca de Arquitectura |
||
| 082 |
_221 _a624.2 |
||
| 100 |
_aAbellán, Miguel _eAutor _91881 |
||
| 245 | _aBRANDING & SPACES | ||
| 250 | _aPrimera Edición | ||
| 260 |
_aBarcelona - España _bMonsa _c2014 |
||
| 300 |
_a192 paginas; _bFotos; Imágenes; Figuras; Textos; _c21/2x 25/2 centímetros |
||
| 505 |
_aMexout; Mica; Regina Pizzeria; Romero + McPaul; Kolor; Grauforz; Violet Oon's Kitchen; La Bohème;
Mood For Love; Bite; Montero; Cioccolato; Catalina Fernández; _gi |
||
| 520 | _aBrand Character shows us a selection of different space, where the branding and interior desing reinforce the character of a brand. Through these two diciplines, there's a quest for further connection with the target audience and better communicacion of the brand idea, giving it a qualictative record. | ||
| 653 | _aARMAZONES DE MADERA; | ||
| 700 |
_aGravina; _eAutor _91882 |
||
| 942 |
_2ddc _cBK _n0 |
||
| 999 |
_c1588 _d1588 |
||